Business Ethics in the Context of Macro - and Meso - Level Interaction
Salvato in:
| Autore principale: | |
|---|---|
| Altri autori: | |
| Natura: | Capitolo di libro |
| Lingua: | inglese |
| Soggetti: | |
| Tags: |
Nessun Tag, puoi essere il primo ad aggiungerne!!
|
MARC
| LEADER | 00000nla a2200000 4500 | ||
|---|---|---|---|
| 001 | 0183716 | ||
| 005 | 20240502083432.3 | ||
| 041 | 0 | |a eng | |
| 044 | |a CH | ||
| 245 | 1 | 0 | |a Business Ethics in the Context of Macro - and Meso - Level Interaction |c Branislav Lajoš, Kristína Urbančíková |
| 500 | |a Abstrakt | ||
| 610 | 2 | 0 | |a Slovensko |
| 610 | 2 | 0 | |a Švajčiarsko |
| 610 | 2 | 0 | |a sektor verejný |
| 610 | 2 | 0 | |a sektor súkromný |
| 610 | 2 | 0 | |a etika podnikateľská |
| 610 | 2 | 0 | |a kódexy etické |
| 100 | 1 | |a Lajoš, Branislav | |
| 700 | 1 | |a Urbančíková, Kristína | |